000 00335 a2200157 4500
001 70712
020 _a
040 _cAnchieta - Itaigara
100 _aEmpresa Baiana de Jornalismo S.A.
240 1 0 _aAstro do Candomblé
_lpor
245 1 0 _aAstro do Candomblé
300 _a87
362 0 _a2003
650 4 _aBahia
942 _cBK
999 _c70712
_d70712